| 000 | 00604nam a22001937a 4500 | ||
|---|---|---|---|
| 005 | 20251108164125.0 | ||
| 008 | 250721s1990 xx 000 0 ara d | ||
| 082 | 1 | 4 | _a218,43/عسل |
| 100 | 1 | _aالعسلي، كامل جميل | |
| 245 | 1 | 0 |
_aموسم النبي موسى في فلسطين : _bتاريخ الموسم و المقام / |
| 264 | 1 |
_aعمان : _bالجامعة الأردنية، _c1990. |
|
| 300 | _a236ص | ||
| 650 | 1 | 7 | _aالمزارات الإسلامية |
| 650 | 1 | 7 | _aفلسطين |
| 650 | 1 | 7 | _aالإسلام |
| 650 | 1 | 7 | _aالشعائر |
| 942 |
_2ddc _cBK |
||
| 999 |
_c4240 _d4240 |
||